[Event "Wch U10"]
[Site "Maribor"]
[Date "2012.11.10"]
[Round "3.32"]
[White "Sykora, Marek"]
[Black "Kalabukhov, Bogdan"]
[Result "1/2-1/2"]
[WhiteElo "1550"]
[BlackElo "1839"]
[PlyCount "163"]
[EventDate "2012.11.08"]
[EventType "swiss"]
[EventRounds "11"]
[EventCountry "SLO"]
[SourceTitle "EXT 2013"]
[Source "ChessBase"]
[SourceDate "2012.11.22"]
[SourceVersion "1"]
[SourceVersionDate "2012.11.22"]
[SourceQuality "1"]

1. e4 c5 2. c3 Nf6 3. e5 Nd5 4. d4 cxd4 5. cxd4 Nc6 6. Nf3 d6 7. exd6 Qxd6 8. Be2 e6 9. 0-0 Be7 10. Nc3 0-0 11. Qb3 Nc7 12. Rd1 Rd8 13. Be3 b6 14. Rac1 Bb7 15. Qc2 Rac8 16. Qb1 Nd5 17. Nxd5 Qxd5 18. Bd3 Qh5 19. Be4 f5 20. Bxc6 Bxc6 21. Ne5 Be4 22. Qa1 Bg5 23. f4 Bf6 24. Rxc8 Rxc8 25. Rd2 h6 26. Qd1 Qe8 27. Qe1 Qb5 28. Qe2 Qd5 29. a3 Rc1+ 30. Rd1 Rxd1+ 31. Qxd1 Bxg2 32. Qh5 Bxe5 33. dxe5 Bf3 34. Qe8+ Kh7 35. Qa4 Qd3 36. Qd4 Qe2 37. Qd2 Qb5 38. Qd4 Bd5 39. Qd2 Qc4 40. Bd4 Qb3 41. Bc3 Qa4 42. Bd4 Qe8 43. Qe2 Qc6 44. Bc3 Bc4 45. Qe3 Qd7 46. Bd4 Qa4 47. Qd2 Bd5 48. Qd3 Bb7 49. Qc3 Qb5 50. Qg3 Qd5 51. Bc3 Qd1+ 52. Be1 Qd4+ 53. Qf2 Qe4 54. Qg3 Qh1+ 55. Kf2 Ba6 56. Qg2 Qxg2+ 57. Kxg2 Kg6 58. h4 Kh5 59. Kg3 g5 60. hxg5 hxg5 61. fxg5 Kxg5 62. Bd2+ Kg6 63. Kh4 Kf7 64. Kg5 Bc4 65. Kf4 Ke7 66. Ke3 Kd7 67. Kd4 Bd5 68. a4 Kc6 69. a5 Kb5 70. axb6 axb6 71. b4 f4 72. Bxf4 Kxb4 73. Bg5 b5 74. Be7+ Ka4 75. Kc3 Bc4 76. Bd6 Ka5 77. Bc5 Ka6 78. Kb4 Kb7 79. Bd6 Kc6 80. Bb8 Bf1 81. Bd6 Kb7 82. Kc5 1/2-1/2